Statistiques concernant Les prénoms en géographie

Cliquez ici pour prendre le quiz!

Statistiques générales

  • Ce quiz a été pris 568 fois
  • Le résultat moyen est 13 sur 51

Statistiques - réponses

Type de quizIndiceRéponse% Correct
PaysAmériqueSainte Lucie
72%
PaysAmériqueSaint Vincent et les Grenadines
53%
PaysAmériqueSaint Christophe et Nieves
52%
PaysAntillesDominique
51%
VilleRussieSaint Petersbourg
50%
PaysEuropeSaint-Marin
48%
VilleEuropeSaint-Marin
48%
PaysOcéan IndienMaurice
46%
VilleUn peu partoutSaint-Pierre
44%
MontagnePoint culminant de la ColombiePic Cristobal Colon
42%
VilleSénégal, USASaint-Louis
39%
IleOcéan AtlantiqueSaint-Pierre et Miquelon
39%
VilleAmérique centraleSan Salvador
37%
PaysAsieGéorgie
35%
VilleAfriquePort-Louis
35%
VilleUSASaint Paul
35%
PaysAmérique centraleSalvador
35%
VilleUSALouisville
33%
IleOcéan AtlantiqueSaint-Martin
33%
PaysEuropeFrance
31%
VilleAmérique du SudSantiago
30%
PaysAsiePhilippines
27%
VilleAntillesSaint-Georges
27%
VilleAmérique du SudGeorgetown
26%
VilleFranceSaint-Denis
23%
VilleAmérique CentraleSan Jose
23%
IleOcéan AtlantiqueSainte-Hélène
22%
VilleEspagneSaint-Jacques de Compostelle
22%
VilleAfriqueVictoria
22%
PaysAfriqueSao Tome et Principe
21%
IleOcéan AtlantiqueSaint-Barthélémy
19%
FleuveAmérique du NordSaint-Laurent
17%
VilleUSAHelena
16%
VilleEuropeSofia
16%
VilleUSASan Francisco
15%
VilleAntillesSaint-Domingue
13%
VilleUSASan Diego
11%
VilleAntillesSan Juan
10%
FleuveAmérique du SudSao Francisco
8%
VilleRussieIekaterinburg
7%
MontagnePoint culminant de l'EgypteMont Sainte-Catherine
6%
VilleAfriqueJohannesburg
5%
MontagnePoint culminant du VenezuelaPic Simon Bolivar
4%
MontagnePoint culminant de la Côte d'Ivoire et de la GuinéeMont Richard Molard
3%
IleOcéan AtlantiqueTristan da Cunha
3%
IleOcéan AtlantiqueSaint-Eustache
2%
MontagnePoint culminant du SurinameJuliana Top
1%
FleuveAmérique du SudMagdalena
1%
MontagnePoint culminant de la Papouasie Nouvelle GuinéeMont Wilhelm
1%
MontagnePoint culminant du TadjikistanPic Ismail Samani
1%
MontagnePoint culminant de l'Ouganda et de la RDCPic Margherita
1%

Distribution des résultats

Percentile par nombre de réponses

% des personnes avec chaque résultat

Votre développement - résultats

Vous n’avez pas pris ce quiz